| 000 | 00592nam a2200181Ia 4500 | ||
|---|---|---|---|
| 008 | 100921s9999 xx 000 0 und d | ||
| 082 |
_b16963 _a891.468 थ 81 |
||
| 100 | _aभावे पुरूषोत्तम भास्कर. | ||
| 245 | _aवाघनखं. | ||
| 260 |
_bपरिमल प्रकाशन, औरंगाबाद. _c1981 |
||
| 300 |
_a198 _b--- |
||
| 365 | _b20 | ||
| 520 | _aललित-संकीर्ण. | ||
| 630 | _aवाघनखं. | ||
| 650 | _aललित-संकीर्ण. | ||
| 730 | _aवाघनखं. | ||
| 942 | _cBOOK | ||
| 999 |
_c766076 _d766073 |
||